000 00244nam a2200097Ia 4500
001 681259
005 20250826161356.0
008 250824s9999 xx 000 0 und d
245 0 _aKÜÇÜK CADI ŞEROKS
_cASLI DER
260 _bGÜNIŞIĞI YAYINLARI
999 _c681259
_d681259